Kreatív munka - reproduktív munka és a piac.
Neoklasicistické teórie o práci a jej ekonomickej užitočnosti. Kreatívne a reproduktívne stránky pracovnej činnosti. Práca ako mimoekonomický činiteľ v spoločnosti. Poňatie práce ako obete v prospech spotreby. Výroba a spotreba, ich optimalizácia. Definícia "vrchu" outputu. Korelácia a závislé grafy...
Guardado en:
| Autor principal: | |
|---|---|
| Formato: | Capítulo de libro |
| Lenguaje: | húngaro |
| Materias: | |
| Etiquetas: |
Sin Etiquetas, Sea el primero en etiquetar este registro!
|
MARC
| LEADER | 00000naa a2200000 4500 | ||
|---|---|---|---|
| 001 | r005841 | ||
| 005 | 20221125113707.9 | ||
| 041 | 0 | |a hun | |
| 044 | |a HU | ||
| 245 | 1 | 0 | |a Kreatív munka - reproduktív munka és a piac. |c J. Rimler |
| 520 | |a Neoklasicistické teórie o práci a jej ekonomickej užitočnosti. Kreatívne a reproduktívne stránky pracovnej činnosti. Práca ako mimoekonomický činiteľ v spoločnosti. Poňatie práce ako obete v prospech spotreby. Výroba a spotreba, ich optimalizácia. Definícia "vrchu" outputu. Korelácia a závislé grafy. | ||
| 610 | 2 | 0 | |a práca tvorivá |
| 610 | 2 | 0 | |a neoklasicizmus |
| 610 | 2 | 0 | |a výroba |
| 610 | 2 | 0 | |a spotreba |
| 610 | 2 | 0 | |a trh |
| 610 | 2 | 0 | |a optimalizácia |
| 100 | 1 | |a Rimler, J. | |